Law Relating To Arbitration And Concillation/ (Record no. 203293)

MARC details
000 -LEADER
fixed length control field 00657nam a22002057a 4500
005 - DATE AND TIME OF LATEST TRANSACTION
control field 20240527160256.0
010 ## - LCCN (DPL NO)
LC control number ENG-140511
020 ## - INTERNATIONAL STANDARD BOOK NUMBER
International Standard Book Number 9789395116114
Terms of availability 3995.00
035 ## - SYSTEM CONTROL NUMBER
System control number EN-124043
037 ## - SOURCE OF ACQUISITION
Source of stock number/acquisition DBAD
082 ## - DEWEY DECIMAL CLASSIFICATION NUMBER
Classification number 347.053
100 ## - MAIN ENTRY--PERSONAL NAME
Personal name Markanda P. C.
245 ## - TITLE STATEMENT
Title Law Relating To Arbitration And Concillation/
250 ## - EDITION STATEMENT
Edition statement 11
260 ## - PUBLICATION, DISTRIBUTION, ETC. (IMPRINT)
Place of publication, distribution, etc Gurgaon- Haryana
Name of publisher, distributor, etc Lexis Nexix- RELX India Pvt Ltd
Date of publication, distribution, etc 2022
270 ## - ADDRESS
City Gurgaon-Haryana
Address 14th Floor, Building No. 10 , Tower B, DLF CyberCity, Phase 2,
Postal code 122002
300 ## - PHYSICAL DESCRIPTION
Extent 1709p.
Dimensions 24cm(hb)
700 ## - ADDED ENTRY--PERSONAL NAME
9 (RLIN) 66930
Personal name By P. C. Markanda
942 ## - ADDED ENTRY ELEMENTS (KOHA)
Source of classification or shelving scheme Dewey Decimal Classification
Item type English Books
Classification part 347.053
Call number suffix MAR
Edition 11
Holdings
Withdrawn status Lost status Not for loan Collection code Home library Current library Date acquired Source of acquisition Cost, normal purchase price Full call number Barcode Copy number Cost, replacement price Koha item type
    Not For Loan Reference Ashok Vihar Ashok Vihar 27/05/2024 DBAD 3995.00 347.053 MAR EN-124043 1 3995.00 English Books

© Delhi Public Library
Hit Counter
free hit counter